LIBRARY & INFORMATION CENTRE, KCAET, TAVANUR

ONLINE PUBLIC ACCESS CATALOGUE (OPAC)

Environmental analysis : air, water, soil / (Record no. 5490)

MARC details
000 -LEADER
fixed length control field 00467cam a2200181ua 4500
003 - CONTROL NUMBER IDENTIFIER
control field OSt
008 - FIXED-LENGTH DATA ELEMENTS--GENERAL INFORMATION
fixed length control field 250823b |||||||| |||| 00| 0 eng d
020 ## - INTERNATIONAL STANDARD BOOK NUMBER
ISBN 81-7041-229-3
041 ## - LANGUAGE CODE
Language code of text/sound track or separate title eng
082 ## - DEWEY DECIMAL CLASSIFICATION NUMBER
Classification number 628
Item number CHH/EN
100 ## - MAIN ENTRY--AUTHOR NAME
Personal name Chhatwal, G R .
245 00 - TITLE STATEMENT
Title Environmental analysis : air, water, soil /
250 ## - EDITION STATEMENT
Edition statement 1 /
260 ## - PUBLICATION, DISTRIBUTION, ETC. (IMPRINT)
Place of publication New Delhi :
Name of publisher Anmol Publications Pvt Ltd ,
Year of publication 1997.
300 ## - PHYSICAL DESCRIPTION
Number of Pages 204 ; .
700 1# - ADDED ENTRY--PERSONAL NAME
Personal name Mehra, M C .
942 ## - ADDED ENTRY ELEMENTS (KOHA)
Koha item type Books
Holdings
Withdrawn status Lost status Damaged status Home library Current library Date acquired Full call number Accession Number Koha item type
      KAUAET KAUAET 07/04/2012 628 CHH/EN 20093 Books
      KAUAET KAUAET 07/04/2012 628 CHH/EN 19716 Books
free website counter